| 000 -LEADER |
| fixed length control field |
00566cam a22001934a 4500 |
| 020 ## - INTERNATIONAL STANDARD BOOK NUMBER |
| ISBN |
0130200360 |
| 040 ## - CATALOGING SOURCE |
| Transcribing agency |
DLC |
| 082 00 - DEWEY DECIMAL CLASSIFICATION NUMBER |
| Classification number |
631 PRE 2001 C149 Or. |
| 100 1# - MAIN ENTRY--AUTHOR NAME |
| Personal name |
Miller, Raymond W., |
| 245 10 - TITLE STATEMENT |
| Title |
Soils in our environment / |
| 250 ## - EDITION STATEMENT |
| Edition statement |
9th ed |
| 260 ## - PUBLICATION, DISTRIBUTION, ETC. (IMPRINT) |
| Place of publication |
Upper Saddle River, N.J. : |
| Name of publisher |
Prentice Hall, |
| Year of publication |
c2001 |
| 300 ## - PHYSICAL DESCRIPTION |
| Number of Pages |
xiii, 642 p. : |
| Other physical details |
ill. (some col.), col. maps ; |
| Dimensions |
27 cm. + |
| Accompanying material |
1 computer optical disc (4 3/4 in.) |
| 650 #0 - SUBJECT ADDED ENTRY--TOPICAL TERM |
| Topical Term |
Soil science |
| 650 #0 - SUBJECT ADDED ENTRY--TOPICAL TERM |
| Topical Term |
Crops and soils |
| 650 #0 - SUBJECT ADDED ENTRY--TOPICAL TERM |
| Topical Term |
Soil management |
| 700 1# - ADDED ENTRY--PERSONAL NAME |
| Personal name |
Gardiner, Duane T |
| 942 ## - ADDED ENTRY ELEMENTS (KOHA) |
| Koha item type |
ADB |
| 952 ## - LOCATION AND ITEM INFORMATION (KOHA) |
| Withdrawn status [LOCAL, KOHA] |
0 |